Statistiques concernant Classement buteurs Ligue 1 2022-2023

Cliquez ici pour prendre le quiz!

Statistiques générales

  • Ce quiz a été pris 85 fois
  • Le résultat moyen est 6 sur 20

Statistiques - réponses

HintRéponse% Correct
1Kylian Mbappé
100%
10Lionel Messi
63%
14Neymar
59%
2Alexandre Lacazette
58%
8Wissam Ben Yedder
42%
3Jonathan David
41%
4Lois Openda
38%
13Alexis Sanchez
30%
5Folarin Balogun
28%
6Habib Diallo
26%
9Terem Moffi
26%
11Amine Gouiri
22%
12Gaëtan Laborde
20%
15Breel Embolo
12%
17Mama Baldé
12%
16Thijs Dallinga
11%
18Téji Savanier
9%
19Jérémy Le Douaron
7%
7Sepe Elye Wahi
3%
20Zakaria Aboukhlal
3%

Distribution des résultats

Percentile par nombre de réponses

% des personnes avec chaque résultat

Votre développement - résultats

Vous n’avez pas pris ce quiz